<?xml version="1.0" encoding="UTF-8"?>
<collection xmlns="http://www.loc.gov/MARC21/slim">
 <record>
  <leader>00674nam a22002055a 4500</leader>
  <controlfield tag="001">EHU.bham043941</controlfield>
  <controlfield tag="003">AR-BHAM</controlfield>
  <controlfield tag="005">20160504142025.0</controlfield>
  <controlfield tag="008">130507s2013##################000#0#####d</controlfield>
  <datafield tag="020" ind1=" " ind2=" ">
   <subfield code="a">9780199587223</subfield>
  </datafield>
  <datafield tag="082" ind1="8" ind2="7">
   <subfield code="a">878.07</subfield>
  </datafield>
  <datafield tag="245" ind1="0" ind2="0">
   <subfield code="a">Augustan poetry and the roman republic  /</subfield>
   <subfield code="c"> Ed. Por Joseph Farrell And Damien P. Nelis</subfield>
  </datafield>
  <datafield tag="260" ind1=" " ind2=" ">
   <subfield code="a">Oxford :</subfield>
   <subfield code="b">University Press,</subfield>
   <subfield code="c">2013</subfield>
  </datafield>
  <datafield tag="300" ind1=" " ind2=" ">
   <subfield code="a">393 p.</subfield>
  </datafield>
  <datafield tag="653" ind1=" " ind2=" ">
   <subfield code="a">Literatura latina-estudios de</subfield>
  </datafield>
  <datafield tag="653" ind1=" " ind2=" ">
   <subfield code="a">Poesía latina-estudios de</subfield>
  </datafield>
  <datafield tag="653" ind1=" " ind2=" ">
   <subfield code="a">Roma-república-literatura de</subfield>
  </datafield>
  <datafield tag="700" ind1="1" ind2=" ">
   <subfield code="a">Farrell, Joseph, ed.</subfield>
  </datafield>
  <datafield tag="700" ind1="1" ind2=" ">
   <subfield code="a">Nelis, Damien P., ed.</subfield>
  </datafield>
  <datafield tag="859" ind1=" " ind2=" ">
   <subfield code="a">AR-BHAM</subfield>
   <subfield code="b">BIB. HUMANIDADES - General</subfield>
   <subfield code="h">878.07</subfield>
   <subfield code="i">Au45</subfield>
   <subfield code="p">153.16</subfield>
   <subfield code="t">Ej.1</subfield>
  </datafield>
 </record>
</collection>
